000 06563nam a22005897a 4500
005 2010033109479.0
008 100331t xxu||||| |||| 00| 0 eng d
010 _aB-409156-186
020 _a9788190716123
_c150.00
035 _aB-409156-186
037 _bPansy Books
040 _adpl
_bEnglish
082 _a650.12
100 _aWattles, Wallace D.
245 _aThe science of getting rich:
_cby Wallace D. Wattles
_battracting financial success through creative thought /
260 _aNew Delhi
_bgbd Books
_c2009
270 _aI-2/16, Ansari Road, Daryaganj,
_bNew Delhi
_e110002
300 _axii, 131p.
_c22cm(pbk)
942 _2ddc
_cEN
_mWAT
_h650.12
999 _c34924
_d34924